00581 2200229 4500001002100000005001700021008004100038020001800079035002400097082001200121090001900133100002200152245003800174250001100212260003700223300001900260650002300279850001500302980001300317985000600330999001500336YOGYA-0209000000896120090227021145.0 ind  a979-514-065-5 0010-020900000008961 a297.431 a297.431bSal R aSALIM, H. Hadiyah aRumahku nerakakucH.Hadiyah Salim aCet. 7 aBandungbRemaja Rosdakaryac1994 a144 hlmc18 cm aIslam dan keluarga aYOPDYOG(B) a05-05-30 a1 a96P0078951